000 00701nam a2200241Ia 4500
001 dia_1156
003 CHAP
005 20230120105202.0
008 220117s1971 xx 000 0 und d
010 _a171703
040 _cCHAP
082 _a420 H34
100 _aHall, Eugene J.
_952313
245 _aOrientation in American English /
_c by Eugene J. Hall and Sandra Costinett
250 _a3A.
260 _aUnited Estates of America. Institute of Modern Languages.
_c1971
300 _a3 v.
600 _a1.Ingles-estudio y enseƱanza. i.t.
_9150171
901 _a420 H34
902 _aM
905 _a0000001971 USEX 0000000000ENG00
942 _cLIBRO
_2ddc
999 _c171703
_d171703